000 00482cam a22001934a 4500
005 20250605164304.0
008 250528s ||||||||||||||||||||||||d
035 _a22181
020 _a978960916061
040 _aGR-AtMCL
_bgre
_dGR-AtMCL
_eAACR2
245 1 _aΗΛΕΚΤΡΙΚΕΣ ΜΕΤΡΗΣΕΙΣ
250 _a1
260 _bΑυτοεκδοση,
_c1988
300 _a271
700 1 _aΠετριδης Β
_95919
942 _cBK
999 _c7237
_d7237